000 00412nam a2200145Ia 4500
008 230917s9999||||xx |||||||||||||| ||und||
040 _e121467
_aMAIN
041 _aEnglish
082 _a820.9 A45A
100 _aSimmons, Eva ed.
245 0 _aAugustan literature: a guide to restoration and eighteenth century literature1660 -1789
260 _aLondon
_bBloomsbury
_c1994
300 _a295p. p.
942 _cBK
999 _c132582
_d132582